Представление документа в формате RUSMARC

ПолеНазваниеЗначение
  Тип записи a
  Библиографический уровень a
001 Контрольный номер RU/CBS_UL/BASE/480e76b3dc804dbba4df9076b380af80
005 Дата корректировки 20260428163920.8
100 Данные общей обработки __
a Данные общей обработки 20260428 ||| 0rusy0189 ca
101 Язык документа 0_
a Язык текста rus
102 Страна публикации __
a Страна публикации RU
200 Заглавие и сведения об ответственности 1_
a Заглавие Озеро на краю земли
e Сведения, относящиеся к заглавию [Таймыр - самое большое северное озеро]
f Первые сведения об ответственности А. Чинаев
300 Общие примечания __
a Общие примечания 16+
461 Уровень набора _0
1 2000
a Наша история
463 Уровень физической единицы _0
1 2000
a № 4
v С. 36-37 : фото
1 2101
d 2026
1 001RU/CBS_UL/BASE/82dba85a71a24088bb382b50d965f832
606 Тематические рубрики 0_
a Основная рубрика Таймыр, озеро (Красноярский край)
610 Ключевые слова 0_
a Ключевые слова озёра
610 Ключевые слова 0_
a Ключевые слова озёра России
610 Ключевые слова 0_
a Ключевые слова озёра Красноярского края
610 Ключевые слова 0_
a Ключевые слова северные озёра
610 Ключевые слова 0_
a Ключевые слова озёра северные
610 Ключевые слова 0_
a Ключевые слова нганасаны
610 Ключевые слова 0_
a Ключевые слова коренные народы Севера
610 Ключевые слова 0_
a Ключевые слова пещеры
610 Ключевые слова 0_
a Ключевые слова Спасительница (пещеры)
686 Индексы других классификаций __
2 Код системы rubbk
a Классификационный индекс 26.222.6
700 Автор _1
a Фамилия Чинаев
b Имя (инициалы) А.
801 Источник записи _0
a Страна RU
b Организация МБУК ЦБС г. Ульяновска
c Дата составления 20260428
g Правила каталогизации RCR
801 Источник записи _1
a Страна RU
b Организация МБУК ЦБС г. Ульяновска
c Дата составления 20260428
g Правила каталогизации RCR
901 Тип документа __
t Тип документа b
w Контрольный № источника RU/CBS_UL/BASE/82dba85a71a24088bb382b50d965f832
909 Создатель записи __
a Создатель записи lib2